000 00373cam a2200157ua 4500
041 _aeng
_h
082 _a511
_bPAS/AR
100 _aPascoe, L C .
245 _aArithmetic /
_cL C Pascoe.
_hTextual Documents
250 _a1 /
_b.
260 _aLondon :
_bEnglish Universities Press ,
_c1962.
300 _a232 ; .
504 _a
942 _cBK
999 _c10824
_d10824